00559 2200181 4500001002100000005001700021008004100038035002500079090001800104100004100122245009800163250001100261260004000272300001800312650001700330850001200347990001800359YOGYA-0209000004181120150415133347.0 ind  a0010-020900000041811 aRT 030bRap B aRAPAT PARIPURNA MANUNGGAL. Palembang aBuku panduan rapat paripurna manunggal XVIII tahun 1998 di Palembang tanggal 14-15 April 1998 aCet. 1 aPalembangbKodam II Sriwijayac1998 a75 hlmc21 cm aBuku panduan aYOPDYOG a22656-PD/A.07